Dictadores dominicanos del siglo XIX / (Registro nro. 13966)

Detalles MARC
000 -LIDER
fixed length control field 02596nam a2200397 a 4500
001 - NÚMERO DE CONTROL
Identificador de número de control
003 - IDENTIFICACDOR DE NÚMERO DE CONTROL
control field DO-SdBNP
005 - DATE AND TIME OF LATEST TRANSACTION
control field 20230324093407.0
008 - ELEMENTOS DE LONGITUD FIJA
fixed length control field 090716s2008 dr a 001 0 spa d
020 ## - ISBN
International Standard Book Number 9789945020304
040 ## - FUENTE DE CATALOGACIÓN
Agencia que crea de manera original el registro DO-SdBNP
Idioma de catalogación spa
Agencia que realiza la transcripción BPMSU
082 ## - NÚMERO DE CLASIFICACIÓN DECIMAL DE DEWEY
Classification number 923.1097293
Item number C343d 2008
Edition number 22
100 1# - ASIENTO PRINCIPAL -- NOMBRE PERSONAL
Nombre personal Cassá, Roberto,
Fechas asociadas con el nombre 1948-
245 10 - MENCIÓN DE TITULO
Título Dictadores dominicanos del siglo XIX /
Mención de responsabilidad Roberto Cassá ; editor Dantes Ortíz, Modesto E. Cuesta.
260 ## - PUBLICACIÓN, DISTRIBUCIÓN, ETC. (PIE DE IMPRENTA)
Lugar de publicación, distribución, etc Santo Domingo :
Nombre del editor, distribuidor, etc. Archivo General de la Nación :
-- Comisión Permanente de Efemérides Patrias,
Fecha de publicación, distribución, etc 2008.
300 ## - DESCRIPCIÓN FÍSICA
Extensión 97 p. :
Otros detalles físicos il. ;
Dimensiones 24 cm.
490 0# - MENCIÓN DE SERIES
Mención de serie Juvenil
Volume/sequential designation 4
500 ## - NOTA GENERAL
Nota general Incluye datos biográficos del autor en la solapa de la cubierta.
500 ## - NOTA GENERAL
Nota general Incluye referencias bibliográficas y notas al pie de las páginas
505 1# - NOTA DE CONTENIDO
Título Pedro Santana, autócrata y anexionista :
-- Introducción --
-- Autócrata y anexionista --
-- Inicios --
-- Preparación de la independencia --
-- Jefe del frente sur --
-- Conato de guerra civil con los trinitarios --
-- Primera presidencia --
-- Ruptura con Báez --
-- Tercera administración --
-- Preparativos para la anexión a España --
-- Capitán general --
-- La última batalla --
-- Bibliografía --
-- Buenaventura Báez, cinco veces presidente :
-- Introducción --
-- Antecedentes familiares --
-- Los primeros pasos --
-- En la Constituyente haitiana de 1843 --
-- El plan Lavasseur --
-- Bajo la sombra de Santana --
-- Redactor de la Constitución de 1844 --
-- Primera presidencia --
-- Nacimiento del baecismo --
-- Devaluación monetaria y guerra civil --
-- Mariscal de campo --
-- Retorno a la presidencia --
-- Guerra con los azules --
-- Los seis años --
-- El declive --
Información miscelánea Bibliografía --
Título Ulises Heureaux, el tirano perfecto :
-- La ambigüedad del tirano --
-- La formación del intrépido mambí --
-- Hijo de Luperón --
-- El ascenso fulgurante --
-- De presidente a tirano --
-- El ocaso --
-- El 26 de julio --
Información miscelánea Bibliografía.
590 ## - NOTA LOCAL
Enlace Inventariado, 2022/VM
600 14 - ENCABEZAMIENTO DE MATERIA--NOMBRE PERSONAL
Nombre personal Santana, pedro,
Fechas asociadas con el nombre 1801-1864
600 14 - ENCABEZAMIENTO DE MATERIA--NOMBRE PERSONAL
Nombre personal Heureaux, ulises,
Fechas asociadas con el nombre 1845-1899
600 14 - ENCABEZAMIENTO DE MATERIA--NOMBRE PERSONAL
Nombre personal Báez, buenaventura,
Fechas asociadas con el nombre 1812-1884
650 #4 - ENCABEZAMIENTO DE MATERIA--TEMÁTICO
Fechas activas
650 #4 - ENCABEZAMIENTO DE MATERIA--TEMÁTICO
Término temático o nombre geográfico como elemento de entrada Dictadores
Subdivisión geográfica República Dominicana
650 #4 - ENCABEZAMIENTO DE MATERIA--TEMÁTICO
Término temático o nombre geográfico como elemento de entrada Presidentes
Subdivisión geográfica República Dominicana
651 #4 - ENCABEZAMIENTO DE MATERIA--NOMBRE GEOGRÁFICO
Nombre geográfico República Dominicana
Subdivisión temática general Historia,
Subdivisión cronológica 1844-1930
651 #4 - ENCABEZAMIENTO DE MATERIA--NOMBRE GEOGRÁFICO
Nombre geográfico República Dominicana
Subdivisión temática general Política Y Gobierno
-- Historia
700 1# - ASIENTO SECUNDARIO -- NOMBRE PERSONAL
Nombre personal Ortíz, Dantes,
Mención de responsabilidad ed.
700 1# - ASIENTO SECUNDARIO -- NOMBRE PERSONAL
Nombre personal Cuesta, Modesto E.
710 2# - ASIENTO SECUNDARIO -- NOMBRE CORPORATIVO
Nombre corporativo o de jurisdicción Archivo General de la Nación (República Dominicana)
710 2# - ASIENTO SECUNDARIO -- NOMBRE CORPORATIVO
Nombre corporativo o de jurisdicción Comisión Permanente de Efemérides Patrias, (República Dominicana)
910 ## - VALIDACIÓN
Validación VMateo
942 ## - ADDED ENTRY ELEMENTS (KOHA)
Source of classification or shelving scheme Dewey Decimal Classification
Koha item type Mapas
Existencias
Withdrawn status Lost status Source of classification or shelving scheme Damaged status Not for loan Collection code Home library Current library Date acquired Source of acquisition Full call number Barcode Date last seen Price effective from Koha item type
    Dewey Decimal Classification     Colección Dominicana Biblioteca Pública Metropolitana Salomé Ureña Biblioteca Pública Metropolitana Salomé Ureña 01/19/2022 Fundacón Juan Bosch BPMSU CD 923.1097293 C343d 2008 BPMSU22010050 01/19/2022 01/19/2022 Mapas